| 000 | 01533cam a22004457a 4500 | ||
|---|---|---|---|
| 003 | CHAP | ||
| 005 | 20220817043453.0 | ||
| 008 | 980910d1995 it r 11 eng d | ||
| 010 | _a76165 | ||
| 011 | _a77137 | ||
| 020 | _a9252035080 | ||
| 035 | _a86739 | ||
| 040 | _cCHAP | ||
| 082 | 0 | 4 |
_a614.3 _bC66 1995 v.11 |
| 110 | 2 |
_aFAO. Comisión del Codex Alimentarius _939482 |
|
| 245 | 1 | 0 |
_aCodex alimentarius : _bsucres, produits cacaotés, chocolat et produits divers _c/par Commission du Codex Alimentarius |
| 250 | _a2 ed. | ||
| 260 |
_aRome : _bFAO, _c1995. |
||
| 300 | _a210 p. | ||
| 410 | 2 | _aFAO | |
| 490 | 0 |
_aPrograma conjunto FAO/OMS sobre normas alimentarias _v; 11 |
|
| 590 |
_aBATCH-UPD _b10 _c20130110 _lUCH01 _h0055 |
||
| 590 |
_aBATCH-UPD _b10 _c20130110 _lUCH01 _h1357 |
||
| 590 |
_aBATCH-UPD _b10 _c20130410 _lUCH01 _h0850 |
||
| 590 |
_aBATCH-UPD _b10 _c20130913 _lUCH01 _h2013 |
||
| 590 |
_aBATCH-UPD _b10 _c20130914 _lUCH01 _h0927 |
||
| 590 |
_aCONVERSION _b10 _c20130109 _lUCH01 _h1342 |
||
| 650 | 1 | 4 |
_aAditivos alimenticios. _9907 |
| 650 | 1 | 4 |
_aAzúcar _xAnálisis y pruebas. _99134 |
| 650 | 1 | 4 |
_aAzúcar _xNormas de calidad. _99169 |
| 650 | 1 | 4 |
_aChocolate _xNormas de calidad. _922818 |
| 650 | 1 | 4 |
_aCocoa _xNormas de calidad. _924283 |
| 710 | 0 | _aFAO. | |
| 810 | 0 | _aFAO | |
| 830 | 0 |
_aPrograma conjunto FAO/OMS sobre normas alimentarias _v; 11 _992254 |
|
| 901 | _aBK | ||
| 905 | _aLilia Sánchez G. | ||
| 942 | _cLIBRO | ||
| 949 |
_a614.3 C66 1995 v.11 _bBC _cFAO _d33724000703146 _eFAO1 _h94131 _i86739 _kDonaciØn _sb |
||
| 999 |
_c76165 _d76165 |
||